000 00566nam a2200169 a 4500
001 000015717
005 20240307073950.0
008 100217s1997 dr 001 0 spa d
040 _aDO-SdBNP
_bspa
_cBNPHU
082 _axxxx
_bR426p
110 1 _aRepública Dominicana.
_b Junta Central Electoral
_964605
240 1 3 _aLeyes, etc.
245 1 0 _aAnteproyecto de modificación a la ley electoral No. 5884 /.
260 _aSanto Domingo :
_bJCE
_bComisión Presidencial para la Reforma y Modernización del Estado,
_c1997.
_fTaller
300 _a77 cm.
049 _aBNPD
999 _c15269
_d15269